000 00433nam a2200145 i 4500
001 92987
003 ES-MaACL
005 20230906181112.0
007 t|
008 050406s1914 fr ||||1| fre d
100 1 _aLobstein, René.
_973035
245 1 4 _aLes origines du droit dynastique allemand
_b: thèse pour le doctorat en droit /
_cRené Lobstein.
260 _aLyon :
_bLibrairie Georg,
_c1914.
852 _aES-MaACL
_jT-1416-F-4
999 _c92987
_d92987